An aid to solving problems in strength of materials I. N. Mirolyubov ...[et al.] ; translated from the Russian by Yuri Ermolyev.
Αποθηκεύτηκε σε:
| Κύριος συγγραφέας: | |
|---|---|
| Μορφή: | Βιβλίο |
| Γλώσσα: | English Russian |
| Δημοσίευση: |
Moscow ;
Mir Publishers,
c1974.
|
| Θέματα: | |
| Ετικέτες: |
Προσθήκη ετικέτας
Δεν υπάρχουν, Καταχωρήστε ετικέτα πρώτοι!
|
MARC
| LEADER | 00000cam a2200000 a 4500 | ||
|---|---|---|---|
| 001 | 1/117376 | ||
| 008 | 181016t1974####rur| ||| |||| ||eng|| | ||
| 040 | |a GR-MyUa |b gre |c GR-MyUa |e AACR2 | ||
| 041 | 1 | |a eng |h rus | |
| 082 | 7 | |a 620.1123 |2 (23) | |
| 245 | 1 | 3 | |a An aid to solving problems in strength of materials / |b I. N. Mirolyubov ...[et al.] ; translated from the Russian by Yuri Ermolyev. |
| 260 | |a Moscow ; |b Mir Publishers, |c c1974. | ||
| 300 | |a 477 σ. ; |c 22 εκ. | ||
| 650 | 0 | |a Strength of materials |v Problems, exercises, etc. | |
| 650 | 0 | |a Strength of materials. | |
| 700 | 1 | |a Mirolyubov, I. N. |e aut | |
| 852 | |a INST |b SAMOS |e 20181016 |h 620.1123 AID |p 005300045655 |q 005300045655 |t BK |y 0 | ||
| 970 | |a Γουβάλα |b Βάσω |z 16-10-2018 | ||